| 000 | 00608nam a2200157Ia 4500 | ||
|---|---|---|---|
| 008 | 260210s9999 xx 000 0 und d | ||
| 024 | _a20B-019-CE, 20B-030-CE, 20B-005-CE & 18B-024-CE | ||
| 082 | _a621.072 KAZ | ||
| 100 | _aSyeda Umama Kazmi, Dur-e-Nayab, Syed Zain & S. M. Sami | ||
| 110 | _aDr. Abdul Qadir | ||
| 245 | 0 | _aAutonomous transcutaneous electrical nerve stimulation | |
| 260 |
_aKarachi: _bUITU, _c2020 |
||
| 600 | _aComputer System Engineering | ||
| 650 | _aBachelor of Engineering (BE) | ||
| 856 | _uhttps://drive.google.com/file/d/1PvDupwqylvD4snUgA2yjtonEBlE9ybbJ/view?usp=sharing | ||
| 999 |
_c32800 _d32800 |
||